Sports Quiz

Random Sports or NBA Quiz

NBA Leading Scorers By Age Quiz Stats

 Plays Quiz not verified by Sporcle

Challenge
Share
Tweet
Embed
Score 0/217 Timer 15:00
0 Plays Today
% Correct
Kobe Bryant
99.1%
Kobe Bryant
99.1%
Kobe Bryant
99.1%
Michael Jordan
99.1%
Kobe Bryant
99.1%
Michael Jordan
99.1%
Michael Jordan
99.1%
Kobe Bryant
99.1%
Michael Jordan
99.1%
Michael Jordan
99.1%
Kobe Bryant
99.1%
Kobe Bryant
99.1%
Michael Jordan
99.1%
Kobe Bryant
99.1%
Michael Jordan
99.1%
Michael Jordan
99.1%
Kobe Bryant
99.1%
Kobe Bryant
99.1%
Kobe Bryant
99.1%
Michael Jordan
99.1%
Kobe Bryant
99.1%
Michael Jordan
99.1%
Kobe Bryant
99.1%
Michael Jordan
99.1%
Michael Jordan
99.1%
Kobe Bryant
98.2%
LeBron James
98.2%
LeBron James
98.2%
LeBron James
98.2%
LeBron James
98.2%
LeBron James
98.2%
LeBron James
98.2%
LeBron James
98.2%
LeBron James
98.2%
Kevin Durant
96.4%
Kevin Durant
96.4%
Kevin Durant
96.4%
Kevin Durant
96.4%
Kevin Durant
96.4%
Kevin Durant
94.6%
Karl Malone
94.5%
Moses Malone
94.5%
Moses Malone
94.5%
Karl Malone
94.5%
Karl Malone
94.5%
Karl Malone
94.5%
Karl Malone
94.5%
Karl Malone
94.5%
Karl Malone
94.5%
Kareem Abdul-Jabbar
94.5%
Karl Malone
94.5%
Kareem Abdul-Jabbar
94.5%
Karl Malone
94.5%
Kareem Abdul-Jabbar
94.5%
Karl Malone
94.5%
Kareem Abdul-Jabbar
94.5%
Karl Malone
94.5%
Kareem Abdul-Jabbar
94.5%
Karl Malone
94.5%
Kareem Abdul-Jabbar
94.5%
Kareem Abdul-Jabbar
94.5%
Karl Malone
94.5%
Karl Malone
94.5%
Kareem Abdul-Jabbar
94.5%
Kareem Abdul-Jabbar
94.5%
Kareem Abdul-Jabbar
94.5%
Shaquille O'Neal
93.6%
Shaquille O'Neal
93.6%
Allen Iverson
93.6%
Shaquille O'Neal
93.6%
Allen Iverson
93.6%
Shaquille O'Neal
93.6%
Allen Iverson
93.6%
% Correct
Allen Iverson
93.6%
Shaquille O'Neal
93.6%
Allen Iverson
93.6%
Shaquille O'Neal
93.6%
Larry Bird
93.6%
Shaquille O'Neal
93.6%
Allen Iverson
93.6%
Shaquille O'Neal
93.6%
Allen Iverson
93.6%
Larry Bird
93.6%
Shaquille O'Neal
93.6%
Larry Bird
93.6%
Allen Iverson
93.6%
Allen Iverson
93.6%
Larry Bird
93.6%
Shaquille O'Neal
93.6%
Dwyane Wade
90.9%
Carmelo Anthony
89.3%
Tracy McGrady
89.1%
Tracy McGrady
89.1%
Tracy McGrady
89.1%
Tracy McGrady
89.1%
Magic Johnson
88.2%
Hakeem Olajuwon
88.2%
Hakeem Olajuwon
88.2%
Hakeem Olajuwon
88.2%
Hakeem Olajuwon
88.2%
Hakeem Olajuwon
88.2%
Hakeem Olajuwon
88.2%
Eddie Johnson
88.2%
Cliff Robinson
87.3%
Kevin Garnett
87.3%
David Robinson
87.3%
David Robinson
87.3%
Clifford Robinson
87.3%
Clifford Robinson
87.3%
Carmelo Anthony
86.4%
Carmelo Anthony
86.4%
Carmelo Anthony
86.4%
Carmelo Anthony
86.4%
Carmelo Anthony
86.4%
Charles Barkley
79.1%
Robert Parish
78.2%
Robert Parish
78.2%
Robert Parish
78.2%
Robert Parish
78.2%
Robert Parish
78.2%
Robert Parish
78.2%
Robert Parish
78.2%
Isiah Thomas
76.4%
Patrick Ewing
75.5%
Patrick Ewing
75.5%
Patrick Ewing
75.5%
Patrick Ewing
75.5%
Patrick Ewing
75.5%
Paul Pierce
75%
Dominique Wilkins
74.5%
Dominique Wilkins
74.5%
Dominique Wilkins
74.5%
Dominique Wilkins
74.5%
Dominique Wilkins
74.5%
Dominique Wilkins
74.5%
Dominique Wilkins
74.5%
Ray Allen
73.6%
Reggie Miller
72.7%
Reggie Miller
72.7%
Reggie Miller
72.7%
Reggie Miller
72.7%
George Gervin
70.9%
George Gervin
70.9%
Julius Erving
70.9%
George Gervin
70.9%
George Gervin
70.9%
% Correct
Julius Erving
70.9%
Clyde Drexler
70%
Alex English
70%
Alex English
70%
Alex English
70%
Alex English
70%
Alex English
70%
Alex English
70%
Alex English
70%
Clyde Drexler
70%
Alex English
70%
Dirk Nowitzki
69.1%
Dwight Howard
68.2%
John Stockton
68.2%
Grant Hill
68.2%
John Stockton
68.2%
John Stockton
68.2%
John Stockton
68.2%
Steve Nash
67.3%
Jason Kidd
66.1%
James Harden
65.5%
Bernard King
64.5%
Bernard King
64.5%
Chris Bosh
62.7%
Chris Bosh
62.7%
Jerry Stackhouse
62.7%
Amar'e Stoudemire
61.8%
Adrian Dantley
61.8%
Adrian Dantley
61.8%
Adrian Dantley
61.8%
Adrian Dantley
61.8%
Adrian Dantley
61.8%
J.R. Smith
60.9%
Josh Smith
60.9%
Derrick Rose
60.9%
Dale Ellis
60.9%
Dale Ellis
60.9%
Dale Ellis
60.9%
Dale Ellis
60.9%
Walter Davis
55.5%
Gilbert Arenas
54.5%
Gilbert Arenas
54.5%
Dikembe Mutombo
54.5%
Stephon Marbury
49.1%
Elton Brand
48.2%
Kevin Willis
47.3%
Caldwell Jones
47.3%
Kevin Willis
47.3%
Mitch Richmond
44.5%
Kevin Love
43.6%
Tom Chambers
42.7%
Elvin Hayes
40.9%
Elvin Hayes
40.9%
Elvin Hayes
40.9%
Mark Aguirre
37.3%
Kiki Vandeweghe
35.5%
Jamal Mashburn
31.8%
World B. Free
30%
World B. Free
30%
Tyreke Evans
29.1%
Shareef Abdur-Rahim
25.5%
Shareef Abdur-Rahim
25.5%
Dan Issel
25.5%
Dan Issel
25.5%
Terry Cummings
24.5%
Sam Cassell
21.8%
Artis Gilmore
18.2%
Artis Gilmore
18.2%
Artis Gilmore
18.2%
Kelly Tripucka
15.5%
Purvis Short
8.2%

You're not logged in!

Compare scores with friends on all Sporcle quizzes.
Join for Free
OR
Log In

You Might Also Like...

Show Comments

Extras

Top Quizzes Today


Score Distribution

Your Account Isn't Verified!

In order to create a playlist on Sporcle, you need to verify the email address you used during registration. Go to your Sporcle Settings to finish the process.

Report this User

Report this user for behavior that violates our Community Guidelines.

Details: